00242 a2200109 4500001000700000020000600007040001100013100001800024240004300042245003800085362000900123167341 a  cMagnum aBrikman, Lola10aA linguagem do movimento corporallpor10aA linguagem do movimento corporal0 a1899